[Event "Offerspill Invitational 2020"]
[Site "Oslo"]
[Date "2020.06.17"]
[Round "8.10"]
[White "Tunsjo, Axel"]
[Black "Pena Riasco, Alexander"]
[Result "0-1"]
[WhiteElo "2149"]
[BlackElo "2115"]
[Annotator "TA"]
[PlyCount "92"]
[EventDate "2020.06.10"]
[EventType "swiss"]
[EventCountry "NOR"]
[SourceTitle "playchess.com"]
[Source "ChessBase"]
[SourceQuality "1"]

{[%evp 9,92,4,5,5,10,0,1,0,0,0,0,-6,-12,0,-2,1,8,0,-9,-45,12,15,4,-120,-101,-176,-73,-84,-52,-56,-52,-70,-58,-88,-58,-104,-98,-162,-47,-187,-185,-183,-181,-199,-132,-136,-28,-43,-37,-65,0,-103,-89,-124,-118,-174,-163,-198,-148,-164,-86,-81,-93,-279,-215,-541,-547,-641,-606,-841,-849,-859,-831,-2856,-2673,-29990,-2333,-2213,-1412,-29990,-29991,-29991,-29992,-29993,-29992]} 1. e4 d5 2. Nc3 dxe4 3. Nxe4 Bf5 4. Ng3 Bg6 5. h4 h6 6. Nf3 {A00: Irregular Openings.} Nd7 7. d4 e6 8. Bf4 {The position is equal.} Bd6 {[#]} 9. Bxd6 $146 ({Predecessor:} 9. Ne5 Nxe5 10. dxe5 Bc5 11. c3 Ne7 12. Qf3 Nd5 13. Rd1 Qe7 14. b4 Bb6 15. a4 {0-1 (24) Hofmann,D (1700)-Widner,S Wattens 1996}) 9... cxd6 10. d5 e5 11. h5 Bh7 12. Bd3 Bxd3 13. Qxd3 Ne7 14. Ne4 Qa5+ (14... O-O $1 $15 15. Qa3 Rc8) 15. c3 $11 Qb6 16. Nfd2 (16. g4 $11 {keeps the balance.}) 16... f5 $17 17. Ng3 (17. Nc4 $17 fxe4 18. Nxb6 exd3 19. Nxa8 Nxd5 20. c4) 17... O-O (17... Qxb2 $19 {is more deadly.} 18. O-O Nc5) 18. O-O Rac8 19. c4 a5 20. Qb3 Qa6 21. Qa3 Nc5 22. b3 Qb6 23. Qb2 (23. Qc1 $17) 23... Rf7 (23... f4 $19 24. Ne2 Rf5) 24. a3 (24. Qc3 $15) 24... Nd3 $19 25. Qb1 e4 26. b4 axb4 ({Black should play} 26... Qd4 $19 27. Ne2 Qf6) 27. axb4 $17 Rb8 ({Weaker is} 27... Qxb4 28. Qxb4 Nxb4 29. Rfb1 $16) ({Better is} 27... Qd4 $1 $17 28. Ne2 Qf6) 28. Ra5 Ne5 {Threatens to win with ...e3.} 29. Qb3 Nd3 (29... Rc8 $15) 30. Rb5 (30. Qb1 $11) 30... Qd4 {...Nxf2 is the strong threat.} 31. Qc2 Rff8 32. Nb3 (32. Ne2 $17 Qe5 33. Qb3) 32... Qe5 $19 33. Nc1 Nxc1 34. Rxc1 {[#]} e3 (34... f4 $1 $19 {[%cal Rf4g3]} 35. Nxe4 Nf5) 35. Qc3 $17 exf2+ 36. Kxf2 $2 (36. Kf1 $17 {is the only way for White.}) 36... f4 $19 37. Ne2 $2 (37. Ne4 Qxe4 38. Re1) 37... Qxh5 38. Qf3 Qe5 39. Kg1 Nf5 40. Qf2 Rbe8 41. Nc3 {[#]} f3 $1 {[%mdl 512]} 42. g4 (42. Qxf3 Ng3) 42... Nd4 (42... Qf4 $142 43. Ra1 Qxg4+ 44. Kh2 Re3 45. Rb6 Rxc3 46. Rxb7 Rxc4 47. Rxg7+ Nxg7 48. Ra2 Qh5+ {[%mdl 64] Double Attack} 49. Kg1 Rg4+ 50. Qg3 {[#]} f2+ $1 {[%mdl 512]} 51. Rxf2 Rxg3+ 52. Rg2 Qh3 53. Rxg3 Rf1#) 43. Kh1 Nxb5 44. Nxb5 {[#]} Qf4 $1 {Black mates.} 45. Rc2 Qxg4 46. Nd4 Re4 {Accuracy: White = 48%, Black = 63%.} 0-1

[Event "Offerspill Invitational 2020"]
[Site "Oslo"]
[Date "2020.06.18"]
[Round "9.1"]
[White "Haug, Johannes"]
[Black "Urkedal, Frode Olav Olsen"]
[Result "1/2-1/2"]
[WhiteElo "2431"]
[BlackElo "2557"]
[Annotator "TA"]
[PlyCount "88"]
[EventDate "2020.06.10"]
[EventType "swiss"]
[EventCountry "NOR"]
[SourceTitle "playchess.com"]
[Source "ChessBase"]
[SourceQuality "1"]

{[%evp 17,88,24,15,18,31,0,0,0,0,0,0,0,0,0,0,0,0,0,0,0,0,6,18,0,0,0,0,0,0,0,0,0,0,-12,0,0,0,0,0,0,0,0,0,0,0,0,0,0,0,0,0,0,124,116,115,-124,-145,-214,-197,-1137,-77,-77,0,0,0,0,0,0,0,0,0,0,0]} 1. d4 Nf6 2. c4 e6 3. Nf3 d5 4. Nc3 c6 5. Bg5 h6 6. Bxf6 Qxf6 7. Qc2 Nd7 8. e4 dxe4 9. Qxe4 g6 10. h4 {[#] D43: Semi-Slav: 5 Bg5 h6.} (10. Qe3 {feels hotter.} Qe7 11. Bd3 Bg7 12. O-O b6 13. Rfe1) 10... Qf5 $146 ({Predecessor:} 10... Bg7 11. h5 g5 12. Bd3 Qe7 13. O-O-O Nf6 14. Qe2 b6 15. Ne5 Bb7 16. Rhe1 O-O-O 17. Bc2 Nd7 18. g3 Nxe5 19. dxe5 Rxd1+ 20. Rxd1 g4 21. Kb1 {½-½ (21) Gasanov,E (2494)-Basso,P (2516) Amantea 2018}) 11. Bd3 (11. Qe3 {keeps more tension.} Bg7 12. Bd3 Qa5 13. O-O O-O 14. Rfe1) 11... Qxe4+ 12. Bxe4 Bg7 13. O-O-O O-O 14. Rhe1 Rb8 15. Bc2 b6 16. Ne5 Nxe5 17. dxe5 Ba6 18. b3 Rfd8 19. f4 Bf8 20. Rxd8 Rxd8 21. Rd1 Ba3+ 22. Kb1 Rxd1+ 23. Bxd1 $11 {[%mdl 4096] Endgame KBB-KBN} b5 24. Be2 bxc4 25. bxc4 Bc5 26. Ne4 Bg1 27. Kc2 c5 28. Kd3 Bb7 29. Bf3 {Hoping for Nf6+.} Kg7 30. Nd2 Bxf3 31. Nxf3 {KB-KN} Bf2 32. g4 h5 33. gxh5 gxh5 34. Ke4 Kg6 (34... f5+ $11 {remains equal.} 35. exf6+ Kxf6) 35. f5+ $1 $16 exf5+ 36. Kd5 $2 (36. Kf4 $16 {is necessary to keep the advantage.} a6 37. a3) 36... f4 $1 $17 37. e6 (37. Ke4 $17 {keeps fighting.}) 37... fxe6+ $19 38. Kxe6 $2 {[#]} (38. Ke4) 38... Bd4 $2 (38... Bxh4 $1 $19 {[%mdl 512]} 39. Kd6 (39. Nxh4+ Kg5) 39... Bg3 40. Kxc5 h4) 39. Kd5 $17 {[#]} Bf6 ({Black should play} 39... Kf5 $1 $17 {aiming for ...Bf6.} 40. Nxd4+ cxd4 41. Kxd4 Kg4) 40. Ke4 $11 {The position is equal.} Kf7 41. Kxf4 Ke6 42. Ng5+ Kd6 $1 43. Ne4+ Ke7 44. Nxf6 Kxf6 {Accuracy: White = 74%, Black = 84%.} 1/2-1/2

[Event "Offerspill Invitational 2020"]
[Site "Oslo"]
[Date "2020.06.18"]
[Round "9.2"]
[White "Nilsen, Joachim Birger"]
[Black "Johansson, Linus"]
[Result "1/2-1/2"]
[WhiteElo "2411"]
[BlackElo "2476"]
[Annotator "TA"]
[PlyCount "53"]
[EventDate "2020.06.10"]
[EventType "swiss"]
[EventCountry "NOR"]
[SourceTitle "playchess.com"]
[Source "ChessBase"]
[SourceQuality "1"]

{[%evp 14,53,29,10,24,29,52,44,51,22,0,0,41,24,22,-6,16,10,20,15,15,0,0,0,0,0,0,0,29,0,42,0,2,4,43,19,20,29,25,8,15,7]} 1. d4 Nf6 2. c4 e6 3. Nc3 Bb4 4. e3 c5 5. Nge2 b6 6. a3 Ba5 7. Rb1 Na6 8. g3 Bb7 {[#] E42: Nimzo-Indian: Rubinstein: 4...c5 5 Ne2.} 9. d5 $1 {[%mdl 512]} O-O (9... exd5 10. Bg2) 10. Bg2 b5 {White is slightly better.} 11. O-O {And now b4 would win.} bxc4 12. e4 d6 13. Qa4 exd5 14. exd5 {[#]} Nb8 $146 {[%cal Ba6b8,Bb8d7,Bd7f6][%mdl 32]} ({Predecessor:} 14... Bb6 15. Qxc4 Nc7 16. Re1 Re8 17. Be3 Qd7 18. h3 Re5 19. Red1 Ba6 20. Qa2 Qe7 {1-0 (38) Brown,M (2499)-Bok,B (2620) Douglas 2017}) 15. Bg5 Nbd7 16. Ne4 Bc7 $1 17. N2c3 h6 $1 {[%cal Rh6g5]} 18. Nxf6+ Nxf6 19. Bf4 Rb8 20. Qxc4 Qc8 21. Rfd1 g5 {[#] aiming for ...Ba6.} 22. Bc1 Ba6 23. Qa4 c4 24. Be3 Bb6 25. Re1 Re8 26. Bxb6 Rxb6 27. Qc2 {Accuracy: White = 80%, Black = 76%.} 1/2-1/2

[Event "Offerspill Invitational 2020"]
[Site "Oslo"]
[Date "2020.06.18"]
[Round "9.3"]
[White "Pantzar, Milton"]
[Black "Notkevich, Benjamin Arvola"]
[Result "1-0"]
[WhiteElo "2417"]
[BlackElo "2476"]
[Annotator "TA"]
[PlyCount "55"]
[EventDate "2020.06.10"]
[EventType "swiss"]
[EventCountry "NOR"]
[SourceTitle "playchess.com"]
[Source "ChessBase"]
[SourceQuality "1"]

{[%evp 14,55,47,30,58,53,54,60,60,60,60,60,62,62,39,44,57,25,31,33,137,145,206,196,191,182,193,114,237,0,482,208,220,224,201,233,399,346,616,622,1171,1136,917,900]} 1. d4 Nf6 2. c4 e6 3. Nf3 d5 4. g3 dxc4 5. Bg2 a6 6. O-O Nc6 7. e3 Rb8 8. Nfd2 e5 {E04: Open Catalan: 5 Nf3.} 9. Bxc6+ $1 bxc6 10. dxe5 Ng4 {White is slightly better.} 11. Nxc4 Be6 {Threatens to win with ...Qxd1.} 12. Nbd2 Bb4 13. b3 h5 14. h3 Bc3 15. Ba3 {[#]} ({Of course not} 15. hxg4 Bxa1 16. Ba3 Bc3 $15) 15... Nxe5 $146 ({Predecessor:} 15... Bxa1 16. Qxa1 h4 17. hxg4 hxg3 18. Kg2 Rh2+ 19. Kf3 Qh4 20. Qd4 Rd8 21. Qf4 g2 22. Rg1 g5 23. Qg3 Rh3 24. Rxg2 Qxg4# {0-1 (24) Pantzar,M (2417)-Narayanan,S (2540) chess.com INT 2020}) 16. Rc1 Bxd2 (16... Bxc4 $14 17. Nxc4 Nxc4) 17. Nxe5 $16 Bxc1 (17... Bxh3 $16 {was called for.} 18. Qf3 Qf6 19. Qxc6+ Qxc6 20. Rxc6 Ba5) 18. Qxc1 $18 Rb6 {White should prevent ...Qd5.} 19. Rd1 Qf6 20. Nxc6 ({Better is} 20. f4 $18) 20... Bd7 (20... Bxh3 $16 21. Rd8+ Qxd8 22. Nxd8 Kxd8) 21. Na5 $2 (21. Ne7 $18 Qf3 22. Qd2) 21... Kd8 $2 {[%mdl 8192]} (21... Qf3 $1 $11 22. Qd2 Rd6 23. Bxd6 Bg4 {[%mdl 64] Back Rank}) 22. Bc5 (22. Qc5 $142) 22... Rb5 {[#]} 23. Qd2 $1 {[%csl Gd1][%cal Rd2d7][%mdl 512]} Qe6 24. a4 $40 {[%mdl 128] White attacks with force.} Rxa5 $2 (24... Rb8 25. Qc3 h4) 25. Qxa5 {Hoping for Qb4.} Qxb3 $2 {[#]} (25... Qc6 26. Rd6 Qb7 27. Rxa6 Bxh3) 26. Qd2 $1 {[%csl Gd1][%cal Rd2d7][%mdl 512] White is clearly winning.} Qe6 {[#] intending ...Kc8.} 27. Qb2 $1 {[%cal Rb2b8][%mdl 512]} Kc8 28. Ba7 {Accuracy: White = 58%, Black = 43%.} 1-0

[Event "Offerspill Invitational 2020"]
[Site "Oslo"]
[Date "2020.06.18"]
[Round "9.4"]
[White "Gjestemoen-VonHirsch, Andre"]
[Black "Djurhuus, Rune"]
[Result "1/2-1/2"]
[WhiteElo "2077"]
[BlackElo "2437"]
[Annotator "TA"]
[PlyCount "94"]
[EventDate "2020.06.10"]
[EventType "swiss"]
[EventCountry "NOR"]
[SourceTitle "playchess.com"]
[Source "ChessBase"]
[SourceQuality "1"]

{[%evp 11,94,10,16,21,18,25,42,31,49,27,44,0,0,-29,-24,-21,-18,-19,0,-39,-38,-20,6,13,21,-40,-36,-40,-43,-32,-32,-57,6,-14,0,0,0,-2,0,0,0,0,0,0,0,-94,-19,-20,-11,-165,-151,-1147,75,75,77,75,75,75,77,36,56,56,185,185,181,75,75,49,75,75,188,49,49,49,49,49,60,60,60,60,60,60,60,56,56]} 1. c4 Nf6 2. g3 g6 3. Bg2 Bg7 4. Nc3 O-O 5. d3 d6 6. Rb1 c6 7. e4 {A16: English Opening: 1...Nf6 with ...d5.} e5 8. Nge2 Be6 9. O-O Nh5 {[#]} 10. Be3 $146 ({Predecessor:} 10. b4 Nd7 11. b5 Qc7 12. bxc6 bxc6 13. Be3 Rab8 14. Qa4 Nb6 15. Qa3 Rfd8 16. Rb3 {0-1 (41) Soergel,F (2005)-Kern,L (1950) Bayern 2001}) 10... f5 11. f4 Nd7 12. h3 Qe7 (12... exf4 {is interesting.} 13. Nxf4 Nxf4 14. Bxf4 Nc5 15. b4 Nxe4 16. dxe4 Bxc3 17. Bxd6 Bxc4 18. Bxf8 Qd4+) 13. Qd2 exf4 14. Bxf4 fxe4 15. Nxe4 (15. Bg5 $5 {[%cal Rg5e7]} Nhf6 16. Nxe4 $11) 15... Nxf4 16. Nxf4 Bf7 17. Rbe1 Ne5 18. b3 (18. h4 $11) 18... g5 $15 19. Ne2 Bg6 $1 20. N2c3 Rxf1+ 21. Rxf1 Rf8 (21... g4 $15) 22. d4 Rxf1+ 23. Kxf1 Nf7 24. g4 h6 25. Qf2 Nd8 26. Ng3 Ne6 27. Nce2 Bd3 {Hoping for ...Bxd4.} 28. d5 (28. Qe3 $11 Qf6+ 29. Ke1 Bxe2 30. Nxe2) 28... Nd4 ({Black should try} 28... Nf4 $1 $17 {Strongly threatening ...c5.} 29. dxc6 bxc6 30. Bxc6 Kh8) 29. dxc6 $11 bxc6 30. Ke1 $2 (30. Bf3 $11) 30... Qe5 $19 31. Qxd4 $2 (31. Kd2 $17 Bxe2 32. Nxe2 Qa5+ 33. Nc3) 31... Qxg3+ $2 (31... Qa5+ $19 32. Kf2 Bxd4+ 33. Nxd4 Qc5) 32. Nxg3 $16 Bxd4 33. Bxc6 $17 {[%mdl 4096] Endgame KBB-KBN} Be5 34. Bd5+ Kf8 35. Nf5 h5 36. Ne3 h4 ({Better is} 36... Bc3+ $14 37. Kd1 hxg4 38. hxg4 (38. Nxg4 Bd4 $14) 38... Kg7) 37. Kd2 $18 Bb1 {[#]} 38. a4 (38. b4 $1 $18 {is the precise move to win.}) 38... a5 $16 39. Nc2 Bf4+ {[#]} 40. Kd1 $1 Ke7 (40... Be5 $16 {keeps fighting.}) 41. b4 (41. Nd4 $18) 41... Bxc2+ $1 $14 {White is slightly better.} 42. Kxc2 axb4 {KB-KB} 43. Kb3 Be3 {And now ...Bc5 would win.} 44. Kxb4 Kd8 45. a5 {[%cal Ba4a5,Ba5a6][%mdl 32]} Kc7 46. Kb5 Bf2 47. a6 Be3 {Accuracy: White = 60%, Black = 71%.} 1/2-1/2

[Event "Offerspill Invitational 2020"]
[Site "Oslo"]
[Date "2020.06.18"]
[Round "9.5"]
[White "Haldorsen, Benjamin"]
[Black "Ranaldi, Lucas"]
[Result "1-0"]
[WhiteElo "2458"]
[BlackElo "2353"]
[Annotator "TA"]
[PlyCount "119"]
[EventDate "2020.06.10"]
[EventType "swiss"]
[EventCountry "NOR"]
[SourceTitle "playchess.com"]
[Source "ChessBase"]
[SourceQuality "1"]

{[%evp 19,119,22,23,13,8,10,37,29,29,20,24,33,41,41,29,34,9,26,64,63,56,38,41,43,60,52,65,61,106,107,98,105,121,116,135,133,149,150,148,148,137,126,131,129,147,100,92,67,69,75,143,151,220,194,204,188,222,183,251,260,250,225,256,256,271,271,360,271,515,505,513,502,466,454,469,414,620,602,604,553,603,556,1506,1425,1485,1914,29952,29955,29959,29962,29957,29962,29957,8738,6472,5628,29966,12359,29976,29977,29974,29970]} 1. e4 e5 2. Nf3 Nc6 3. Bb5 a6 4. Ba4 Nf6 5. O-O Be7 6. Re1 b5 7. Bb3 d6 8. a4 b4 9. d4 O-O 10. dxe5 Nxe5 {is more profitable than 10...dxe5 at the moment. Played by Pentala Harikrishna in March 2020.} 11. Nxe5 {C88: Closed Ruy Lopez: Anti-Marshall Systems.} dxe5 12. Qe2 (12. Nd2 {is more complex.} Bc5 13. Qf3 Ng4 14. Rf1 Qh4 15. h3) 12... Bb7 13. Nd2 {[%cal Bb1d2,Bd2f1,Bf1g3][%mdl 32] [#] White is slightly better.} Bd6 $146 ({Predecessor:} 13... Nd7 14. Nc4 Nc5 15. Nxe5 Nxb3 16. cxb3 Re8 17. Qc4 Bf6 18. Nxf7 Qd5 19. Qxb4 a5 20. exd5 axb4 {0-1 (55) Sutovsky,E (2643)-Sadhwani,R (2507) Moscow 2019}) 14. a5 Nd7 15. Bc4 Nc5 16. f3 Kh8 17. Nf1 f5 18. exf5 Rxf5 19. Ng3 Rf8 20. Be3 e4 {[%cal Re4f3]} 21. f4 $1 Qe7 22. Rf1 Nd7 23. Rad1 Rf6 24. Bd5 $36 {[%mdl 2048] White has strong initiative.} Bxd5 25. Rxd5 Rff8 26. Rd4 Nf6 27. Nf5 Qe6 28. Nxd6 cxd6 29. Rxb4 Nd5 30. Rd4 {Threatens to win with Qc4.} Nxe3 31. Qxe3 d5 {[#]} 32. c4 $1 {[%mdl 512]} dxc4 33. Qxe4 Qxe4 34. Rxe4 $16 {[%mdl 4096] Endgame KRR-KRR. White stays focused until the end.} Rf5 (34... Rab8 $142) 35. Re5 Rxe5 (35... Raf8 $16 36. Rxf5 Rxf5) 36. fxe5 {KR-KR} Kg8 37. Rf4 Rc8 {[#]} 38. e6 $1 Re8 (38... c3 $142 39. bxc3 Re8) 39. Rxc4 $18 Rxe6 40. Rc8+ Kf7 41. Rc7+ Kf8 42. Rb7 h6 43. b4 Re1+ $2 (43... h5 {was necessary.} 44. Kf2 Rd6) 44. Kf2 Ra1 45. Rb6 Rb1 46. Kf3 Rb2 47. h4 h5 (47... Ke7 $142 48. g3 (48. Rxa6 Rb3+ 49. Ke4 Rxb4+ 50. Kd5 Rg4 $16) 48... Rb3+ 49. Ke4 Kd7) 48. g3 Rb3+ 49. Kf4 Kf7 50. Ke5 g5 51. hxg5 Rxg3 52. Rxa6 Rxg5+ 53. Kd4 h4 54. Rh6 Rg4+ 55. Kc5 Kg7 56. Rd6 h3 57. Rd1 h2 {[#]} 58. Rh1 $1 Rg2 59. a6 Ra2 60. Kb6 {Accuracy: White = 93%, Black = 49%.} 1-0

[Event "Offerspill Invitational 2020"]
[Site "Oslo"]
[Date "2020.06.18"]
[Round "9.6"]
[White "Vestby-Ellingsen, Mads"]
[Black "Mihajlov, Sebastian"]
[Result "1-0"]
[WhiteElo "2351"]
[BlackElo "2389"]
[Annotator "TA"]
[PlyCount "41"]
[EventDate "2020.06.10"]
[EventType "swiss"]
[EventCountry "NOR"]
[SourceTitle "playchess.com"]
[Source "ChessBase"]
[SourceQuality "1"]

{[%evp 9,41,22,48,-51,-47,-72,-73,-69,-65,-82,0,0,0,0,28,0,0,-15,0,0,0,0,10,-58,46,59,46,20,525,511,739,729,1452,1377]} 1. d4 d5 2. c4 c6 3. cxd5 cxd5 4. Bf4 Nf6 5. Nc3 Qb6 6. Na4 {D10: Slav Defence: 3 cxd5 (without early Nf3) and 3 Nc3.} ({White should try} 6. e3 $14) 6... Qb4+ $15 7. Bd2 Qxd4 8. Nf3 {[#] Black is better.} Qg4 $146 ({Predecessor:} 8... Qe4 9. Nc3 Qf5 10. e3 e5 11. Qb3 Nc6 12. Nxd5 Nxd5 13. Qxd5 a6 14. Bd3 Qh5 {½-½ (23) Winkel,P (1908)-Spiekermann,S (2015) Goch 2015}) 9. e3 Bd7 (9... Nc6 $17) 10. Nc5 $11 e6 11. h3 $36 {[%mdl 2048] White fights for an advantage.} Qh5 12. Nxd7 Nbxd7 13. Qa4 Bd6 14. Bb4 Bxb4+ 15. Qxb4 Qg6 16. Rc1 ({Better is} 16. Bb5 $1 $11) 16... Qe4 (16... a6 $1 $15) 17. Qa3 $14 {Hoping for Bd3.} a5 18. Nd4 $1 e5 $2 {[%mdl 8192] [#]} (18... Kd8 $1 $11 {and Black has nothing to worry.}) 19. Bd3 $1 $18 {[%cal Rd3e4] White is clearly winning.} Qxg2 {[#]} 20. Nf5 $1 {[%csl Gf5][%cal Ra3e7][%mdl 512]} Qxh1+ {[#]} 21. Ke2 $1 {[%mdl 512] Accuracy: White = 75%, Black = 41%.} 1-0

[Event "Offerspill Invitational 2020"]
[Site "Oslo"]
[Date "2020.06.18"]
[Round "9.7"]
[White "Fossan, Aleksander"]
[Black "Kaasen, Tor Fredrik"]
[Result "0-1"]
[WhiteElo "2240"]
[BlackElo "2401"]
[Annotator "TA"]
[PlyCount "78"]
[EventDate "2020.06.10"]
[EventType "swiss"]
[EventCountry "NOR"]
[SourceTitle "playchess.com"]
[Source "ChessBase"]
[SourceQuality "1"]

{[%evp 9,78,1,10,9,29,0,8,10,17,-8,0,0,0,0,0,0,0,0,0,-18,-23,-34,-10,-21,-9,-12,-13,-12,0,0,16,-20,37,39,134,-10,-9,0,-8,-34,-30,-51,-41,-29,-37,-5,-14,-114,-117,-313,-85,-173,-168,-162,-147,-219,-211,-289,-267,-267,-262,-423,-399,-402,-392,-1589,-1568,-1558,-1519,-1512,-1488]} 1. e4 e5 2. Nf3 Nc6 3. Nc3 Nf6 4. Bb5 Bd6 5. O-O O-O 6. d3 {C48: Four Knights: 4 Bb5, replies other than 4...Bb4.} h6 7. Ne2 Re8 8. Ng3 {The position is equal.} a6 9. Ba4 b5 10. Bb3 Na5 11. Re1 Bb7 12. Bd2 Nxb3 13. axb3 Bf8 {[#]} 14. b4 $146 ({Predecessor:} 14. c4 g6 15. Qc1 Kh7 16. Qc2 d6 17. Rec1 c6 18. h3 Bg7 19. Ra5 Rc8 20. Qb1 {0-1 (48) Leon,J (2260)-Tristan,L (2457) Benavidez 2013}) 14... d5 15. Bc3 d4 16. Bd2 Nd7 17. c3 c5 18. bxc5 Nxc5 19. cxd4 exd4 ({And not} 19... Nxd3 20. Ba5 $18) 20. Nf5 Qd7 (20... a5 $11 21. Bf4 Ne6) 21. Bf4 $14 Ne6 (21... Rad8 $14) 22. Be5 (22. Ne5 $16 Qc7 23. Rc1) 22... f6 $11 23. Bg3 g6 $36 {[%mdl 2048] Black is more active.} 24. Qb3 (24. N5h4 $5 {[%cal Rh4g6]}) 24... Kh8 25. N5h4 Kh7 26. Rec1 a5 27. Qd1 a4 28. Nd2 (28. Ne1 $11) 28... Nc5 $1 $17 29. f4 $2 (29. Ndf3 $17 {was necessary.}) 29... Rac8 $2 (29... Nxd3 $19 {is more deadly.} 30. Rc2 Rac8 31. Rxc8 Rxc8) 30. Qe2 {[#]} (30. Ndf3 $17) 30... f5 $1 $19 {[%cal Rf5e4]} 31. e5 Qd5 32. Ndf3 (32. Nhf3 $17) 32... Ne6 33. Nxg6 Kxg6 34. Nh4+ {[#]} Kh7 $1 35. Qh5 $2 (35. Nxf5 Ng7 36. Nxg7 Bxg7 37. Rf1) 35... Ng7 36. Qg6+ Kg8 37. Qxh6 $2 (37. Be1 Qe6 38. Rab1) 37... Rxc1+ {Black is clearly winning.} 38. Rxc1 Re6 39. Qg5 Be7 {Accuracy: White = 46%, Black = 83%.} 0-1

[Event "Offerspill Invitational 2020"]
[Site "Oslo"]
[Date "2020.06.18"]
[Round "9.8"]
[White "Risting, Eivind Olav"]
[Black "Aarnes, Eirik"]
[Result "1-0"]
[WhiteElo "2300"]
[BlackElo "1902"]
[Annotator "TA"]
[PlyCount "53"]
[EventDate "2020.06.10"]
[EventType "swiss"]
[EventCountry "NOR"]
[SourceTitle "playchess.com"]
[Source "ChessBase"]
[SourceQuality "1"]

{[%evp 15,53,-4,0,-7,22,12,54,54,66,66,131,126,172,140,494,499,541,547,487,441,601,531,648,416,420,420,397,381,492,499,564,562,588,602,734,734,729,719,698,684]} 1. c4 c6 2. d4 d5 3. Nc3 Nf6 4. e3 e6 5. Nf3 Nbd7 6. Qc2 Bd6 7. Bd3 dxc4 8. Bxc4 b5 9. Be2 {D46: Semi-Slav: 5 e3 Nbd7 6 Bd3, Black avoids the Meran.} Bb7 10. O-O b4 11. Na4 {White is slightly better.} c5 12. Nxc5 Qc7 {[#]} (12... Bxc5 $14 13. dxc5 Rc8) 13. Bd2 $146 ({Predecessor:} 13. Qa4 Bxc5 14. dxc5 Ng4 15. Rd1 O-O-O 16. Qxb4 h5 17. Bd2 Nde5 18. Nxe5 Nxe5 19. Bc3 {1-0 (26) Musialkiewicz,P (2191)-Krainski,S (2014) Poronin 2013}) 13... Bxc5 14. dxc5 Ng4 $2 {[%mdl 8192] [#]} (14... Be4 $16 {is tougher.} 15. Qc1 O-O) 15. c6 $1 $18 {[%mdl 512]} Bxc6 16. Rfc1 Rc8 {[#]} 17. Bb5 $1 {[%mdl 512]} Nb8 (17... Bxb5 18. Qxc7) 18. Bxc6+ Qxc6 19. Qd3 Rd8 20. Rxc6 Rxd3 21. Rc4 Nf6 22. Bxb4 {White is clearly winning.} Na6 23. Ne5 Rd8 24. Ba5 Rd5 25. Rc8+ Ke7 26. Rxh8 Rxe5 27. Bd8+ {Black got outplayed after the opening. Accuracy: White = 87%, Black = 18%.} 1-0

[Event "Offerspill Invitational 2020"]
[Site "Oslo"]
[Date "2020.06.18"]
[Round "9.9"]
[White "Pena Riasco, Alexander"]
[Black "Vea, Odin Blikra"]
[Result "1-0"]
[WhiteElo "2115"]
[BlackElo "2204"]
[Annotator "TA"]
[PlyCount "71"]
[EventDate "2020.06.10"]
[EventType "swiss"]
[EventCountry "NOR"]
[SourceTitle "playchess.com"]
[Source "ChessBase"]
[SourceQuality "1"]

{[%evp 9,71,84,82,61,87,71,79,70,70,66,76,77,91,83,79,47,57,57,68,35,40,43,43,29,35,38,50,27,45,38,35,5,66,75,90,86,125,122,236,239,225,232,216,135,136,136,143,87,86,98,70,67,94,52,211,201,235,154,149,173,790,780,997,976]} 1. d4 c5 2. d5 e5 3. e4 d6 4. Bb5+ Nd7 5. a4 a6 6. Be2 {A44: Semi-Benoni.} Be7 7. Nc3 Ngf6 8. Nf3 {White is better.} O-O 9. O-O b6 10. Nd2 {[#]} Rb8 $146 ({Predecessor:} 10... Ne8 11. Nc4 Bg5 12. Bxg5 Qxg5 13. Rb1 Rb8 14. Na3 Ndf6 15. Kh1 Qh4 16. Qd3 Nc7 {1-0 (59) Maiorov,N (2533)-Gubajdullin,A (2375) Voronezh 2018}) 11. Nc4 Ne8 12. f4 exf4 13. Bxf4 f6 14. Kh1 Ne5 15. Bg3 Nc7 16. Qd2 Nxc4 17. Bxc4 b5 18. axb5 axb5 19. Be2 $36 {[%mdl 2048] Black is under pressure.} b4 20. Nd1 Re8 (20... f5 $11) 21. Ne3 $14 Bf8 22. Bd3 g6 23. Qf2 Bg7 (23... Be7 $16 24. Nc4 Bb7) 24. Nc4 Nb5 25. Ra5 Bd7 26. Rfa1 f5 27. exf5 ({But not} 27. Nxd6 $6 Nxd6 28. Bxd6 fxe4 $14) 27... Rf8 28. Nxd6 (28. Qe1 $142) 28... Bxb2 $16 29. Qxc5 Bxa1 30. Rxa1 Nxd6 31. Qxd6 Rb6 $2 {[#] This costs Black the game.} (31... Bxf5 $14 32. Bxf5 (32. Qxb8 Qxb8 33. Bxb8 Rxb8 $16) 32... Qxd6 33. Bxd6 gxf5) 32. Qc5 $1 $18 Qf6 33. Rf1 {d6 is the strong threat.} ({Not} 33. Ra7 b3 $14) 33... Rc8 34. Bc7 Rb7 $2 (34... Ra6) 35. d6 gxf5 36. Qd5+ {[%mdl 64] Double Attack. Accuracy: White = 67%, Black = 61%.} 1-0